00987nam a2200169 a 450000100080000000500110000800800410001910000170006024500910007726000330016830000090020152005470021065300140075765300180077165300110078970000170080010876732012-11-23 2012 bl uuuu u0uu1 u #d1 aSOUZA, R. V. aCultivo experimental do robalo-flecha em tanques-rede marinhos.h[electronic resource] aFlorian??polis: Epagric2012 a2 p. aA piscicultura em tanques-rede marinhos ?? praticada em diversos locais no mundo com grande sucesso. No Brasil essa modalidade de cultivo ainda ?? incipiente. Por meio desse projeto, a Epagri e Univali avaliar??o o desempenho de robalos-flecha, esp??cie com bom potencial de crescimento, em tanques-rede instalados no munic??pio de Penha. Al??m de testar as diferentes metodologias, o projeto prev?? a an??lise dos par??metros de cultivo e a investiga????o de poss??veis impactos do cultivo no ambiente onde os tanques-rede ser??o instalados. aCria????o aPeixe marinho aRobalo1 aSILVA, F. M.